Najstarsze systemy metra na świecie - Statystyki

Ogólne statystyki
  • Ten quiz został rozwiązany 92 razy
  • Średni wynik to 11 z 17
Statystyki odpowiedzi
Rok otwarcia: Miasto: % Poprawnych
1890 Londyn
100%
1900 Paryż
97%
1904 Nowy Jork
92%
1902 Berlin
88%
1935 Moskwa
87%
1919 Madryt
84%
1927 Tokio
68%
1897 Chicago
64%
1924 Barcelona
63%
1896 Budapeszt
61%
1912 Hamburg
50%
1901 Boston
45%
1904 Ateny
39%
1896 Glasgow
37%
1933 Osaka
32%
1907 Filadelfia
29%
1913 Buenos Aires
28%
Nie znaleziono quizów pasujących do podanych kryteriów
Rozkład punktacji
Procent ludzi z każdym wynikiem
Percentyl według liczby udzielonych odpowiedzi
Twoja historia wyników
Nie rozwiązałeś tego quizu